LIBRARY & INFORMATION CENTRE, KCAET, TAVANUR

ONLINE PUBLIC ACCESS CATALOGUE (OPAC)

Estimating Costing and Valuation (Record no. 14163)

MARC details
000 -LEADER
fixed length control field 00461nam a22001577a 4500
003 - CONTROL NUMBER IDENTIFIER
control field OSt
008 - FIXED-LENGTH DATA ELEMENTS--GENERAL INFORMATION
fixed length control field 211013b ||||| |||| 00| 0 eng d
020 ## - INTERNATIONAL STANDARD BOOK NUMBER
ISBN 9788180140423
082 ## - DEWEY DECIMAL CLASSIFICATION NUMBER
Classification number 692.5
Item number GUR/TE
100 ## - MAIN ENTRY--AUTHOR NAME
Personal name Gurucharan Singh
-- Jagadish Singh
245 ## - TITLE STATEMENT
Title Estimating Costing and Valuation
260 ## - PUBLICATION, DISTRIBUTION, ETC. (IMPRINT)
Place of publication New Delhi
Name of publisher Standard Publishers Distributors
Year of publication 2012
300 ## - PHYSICAL DESCRIPTION
Number of Pages 702
650 ## - SUBJECT ADDED ENTRY--TOPICAL TERM
Topical Term Estimating costing
-- Estimating Valuation
942 ## - ADDED ENTRY ELEMENTS (KOHA)
Koha item type Books

No items available.

free website counter